000 03068cam a22005774i 4500
003 PE-LiUPU
005 20250731165446.0
008 150617s r 000 0 d
020 _a8476450656
035 _a(Sirsi) i9788476450659
040 _aPE-LiUPU
_bspa
_cPE-LiUPU
_erda
049 _aPRUA
082 0 4 _a220.3
_bB91
_221
100 1 _aBullinger, Ethelbert W.,
_eautor.
245 1 0 _aDiccionario de figuras de dicción usadas en la Biblia /
_cEthelbert W. Bullinger.
264 1 _aBarcelona :
_bCLIE,
_c1985.
300 _a861 páginas ;
_c 22 centímetros
336 _atext
_2rdacontent
337 _aunmediated
_2rdamedia
338 _avolume
_2rdacarrier
500 _aOtra ed.:1990.
505 0 _aFiguras que implican omisión: con referencia a palabras, con referencia al sentido. -Figuras que implican adición: con referencia a palabras, con referencia al sentido, en forma de; repetición, amplificación, descripción, conclusión, interpretación, raciocinio. -Figuras que implican cambio: con referencia al sentido y uso de las palabras, con referencia al orden y organización de las palabras, con referencia a la aplicación de las palabras.
526 _aSEG44
526 _aSEG26
526 _aP151
526 _aP150
526 _aP149
526 _aP146
526 _aP145
526 _aP126
526 _aP125
526 _aP92
526 _aP75
526 _aP74
526 _aP27
526 _aP15
541 _g001-0000045;
541 _g001-0000045;
541 _g001-0000045;
630 _aBiblia
_xFiguras del lenguaje
_vDiccionarios.
910 _ajck
_bjvq
_cjck
_d20150616
942 _2ddc
_cBOOK
949 _a220.3 B91
_wDEWEY
_c1
_i55993
_lCCODEBUL1
_mBUL
_r0
_sY
_tBOOK
_u2015-4-21
_xTEOLOGIA
_PP35
_0COMPRA
_o.CIRCNOTE. No olvidar cambiar la fecha de devolución!!!!!!!
_o.STAFF. Colección General
949 _a220.3 B91
_wDEWEY
_c2
_i39720
_lCCODEBUL1
_mBUL
_r0
_sY
_tBOOK
_u2015-4-21
_xTEOLOGIA
_PP35
_0COMPRA
_o.CIRCNOTE. No olvidar cambiar la fecha de devolución!!!!!!!
_o.STAFF. Colección General
949 _a220.3 B91
_wDEWEY
_c3
_i27667
_lCCODEBUL1
_mBUL
_r0
_sY
_tBOOK
_u2015-4-21
_xTEOLOGIA
_PP35
_0COMPRA
_o.CIRCNOTE. No olvidar cambiar la fecha de devolución!!!!!!!
_o.STAFF. Colección General
994 _aC0
_bPEPRU
596 _a1
999 _aRC 220.3 B91
_wDEWEY
_c16332
_i55993
_f2021-11-8
_g7
_lCCODEBUL1
_mBUL
_r1
_sY
_tBOOK
_u2015-4-21
_xTEOLOGIA
_PP35
_0COMPRA
_o.CIRCNOTE. No olvidar cambiar la fecha de devolución!!!!!!!
_o.STAFF. Colección General
_d16332
999 _aRC 220.3 B91
_wDEWEY
_c2
_i39720
_d2019-7-22
_f2021-11-8
_g7
_lCCODEBUL1
_mBUL
_q2
_r1
_sY
_tBOOK
_u2015-4-21
_xTEOLOGIA
_PP35
_0COMPRA
_o.CIRCNOTE. No olvidar cambiar la fecha de devolución!!!!!!!
_o.STAFF. Colección General
999 _aRC 220.3 B91
_wDEWEY
_c3
_i27667
_f2021-11-8
_g6
_lCCODEBUL1
_mBUL
_r1
_sY
_tBOOK
_u2015-4-21
_xTEOLOGIA
_PP35
_0COMPRA
_o.CIRCNOTE. No olvidar cambiar la fecha de devolución!!!!!!!
_o.STAFF. Colección General
980 _81
_gALBERTO SANCHEZ Responsable de Automatización